| 000 | 00339nam a2200109Ia 4500 | ||
|---|---|---|---|
| 008 | 200302s9999 xx 000 0 und d | ||
| 100 | _aMatilda Mc Quaid | ||
| 245 | _aShigeru Ban - A Richly Illustrated Introduction To The Work Of The Pritzker Prize Winning Japanese Architect | ||
| 260 | _bPhaidon Press | ||
| 260 | _c2014 | ||
| 300 | _a240 P., | ||
| 999 |
_c4390 _d4390 |
||